[Event "Tournoi MI ECAM LaSalle Lyon 2024"]
[Site "France, Lyon"]
[Date "2024.04.24"]
[Round "4.3"]
[White "Dgebuadze, Alexandre"]
[Black "Prie, Eric"]
[Result "1/2-1/2"]
[WhiteElo "2449"]
[BlackElo "2335"]
[PlyCount "41"]
[EventDate "2024.04.??"]
[EventType "tourn"]

1. e4 {[%emt 0:00:30]} d5 {[%emt 0:00:30]} 2. exd5 {[%emt 0:00:08]} Qxd5 {
[%emt 0:00:07]} 3. Nc3 {[%emt 0:00:04]} Qa5 {[%emt 0:00:08]} 4. d4 {
[%emt 0:00:12]} Nf6 {[%emt 0:00:07]} 5. Bc4 {[%emt 0:00:06]} Bg4 {
[%emt 0:00:15]} 6. f3 {[%emt 0:00:09]} Bf5 {[%emt 0:00:08]} 7. Nge2 {
[%emt 0:00:13]} e6 {[%emt 0:00:13]} 8. Bd2 {[%emt 0:01:33]} Qb6 {[%emt 0:00:23]
} 9. a4 {[%emt 0:00:34]} a5 {[%emt 0:00:18]} 10. g4 {[%emt 0:03:58]} Bg6 {
[%emt 0:00:18]} 11. h4 {[%emt 0:00:07]} h6 {[%emt 0:00:13]} 12. Nf4 {
[%emt 0:02:23]} Nc6 {[%emt 0:01:05]} 13. Nxg6 {[%emt 0:01:22]} fxg6 {
[%emt 0:01:51]} 14. Nb5 {[%emt 0:00:37]} e5 {[%emt 0:16:31]} 15. Qe2 {
[%emt 0:12:16]} O-O-O {[%emt 0:00:57]} 16. O-O-O {[%emt 0:00:36]} exd4 {
[%emt 0:22:45]} 17. g5 {[%emt 0:18:03]} Ne8 {[%emt 0:06:14]} 18. Qe6+ {
[%emt 0:06:01]} Kb8 {[%emt 0:00:20]} 19. Qxg6 {[%emt 0:01:19]} Nd6 {
[%emt 0:02:02]} 20. Nxd6 {[%emt 0:04:02]} Bxd6 {[%emt 0:01:21]} 21. f4 {
[%emt 0:09:54]} 1/2-1/2

[Event "Tournoi MI ECAM LaSalle Lyon 2024"]
[Site "France, Lyon"]
[Date "2024.04.24"]
[Round "4.5"]
[White "Dudognon, Thibault"]
[Black "Roux, Baptiste"]
[Result "1/2-1/2"]
[WhiteElo "2415"]
[BlackElo "2361"]
[PlyCount "103"]
[EventDate "2024.04.??"]
[EventType "tourn"]

1. e4 {[%emt 0:00:02]} c5 {[%emt 0:05:42]} 2. Nf3 {[%emt 0:00:11]} Nc6 {
[%emt 0:00:24]} 3. Bb5 {[%emt 0:00:11]} e6 {[%emt 0:00:29]} 4. Bxc6 {
[%emt 0:00:08]} bxc6 {[%emt 0:00:06]} 5. d3 {[%emt 0:00:05]} Ne7 {
[%emt 0:00:06]} 6. Bd2 {[%emt 0:00:05]} Ng6 {[%emt 0:08:23]} 7. h4 {
[%emt 0:02:07]} h5 {[%emt 0:00:47]} 8. e5 {[%emt 0:00:06]} f6 {[%emt 0:04:39]}
9. Qe2 {[%emt 0:00:15]} Be7 {[%emt 0:14:14]} 10. Bc3 {[%emt 0:02:52]} Kf7 {
[%emt 0:05:41]} 11. Nbd2 {[%emt 0:03:58]} Qc7 {[%emt 0:06:33]} 12. Nc4 {
[%emt 0:03:53]} Ba6 {[%emt 0:04:19]} 13. g3 {[%emt 0:02:17]} Raf8 {
[%emt 0:10:19]} 14. Qe4 {[%emt 0:06:04]} Bxc4 {[%emt 0:05:29]} 15. dxc4 {
[%emt 0:00:42]} fxe5 {[%emt 0:00:22]} 16. Bxe5 {[%emt 0:02:09]} d6 {
[%emt 0:02:39]} 17. Bc3 {[%emt 0:01:21]} Bf6 {[%emt 0:07:27]} 18. O-O-O {
[%emt 0:01:40]} d5 {[%emt 0:02:41]} 19. Qe2 {[%emt 0:00:38]} Re8 {
[%emt 0:01:03]} 20. Ng5+ {[%emt 0:03:10]} Bxg5+ {[%emt 0:01:35]} 21. hxg5 {
[%emt 0:00:11]} h4 {[%emt 0:02:34]} 22. Qf3+ {[%emt 0:04:41]} Kg8 {
[%emt 0:00:15]} 23. gxh4 {[%emt 0:00:22]} Nxh4 {[%emt 0:05:20]} 24. Qg4 {
[%emt 0:00:49]} Ng6 {[%emt 0:02:29]} 25. Rxh8+ {[%emt 0:00:08]} Nxh8 {
[%emt 0:00:02]} 26. g6 {[%emt 0:00:36]} Qh2 {[%emt 0:00:12]} 27. Bd2 {
[%emt 0:02:05]} Qe5 {[%emt 0:00:37]} 28. Rh1 {[%emt 0:02:21]} Qf5 {
[%emt 0:00:33]} 29. Rxh8+ {[%emt 0:20:55]} Kxh8 {[%emt 0:00:02]} 30. Qh4+ {
[%emt 0:00:07]} Kg8 {[%emt 0:00:04]} 31. Qh7+ {[%emt 0:00:03]} Kf8 {
[%emt 0:00:05]} 32. Qh8+ {[%emt 0:00:02]} Ke7 {[%emt 0:00:07]} 33. Qxg7+ {
[%emt 0:00:03]} Kd6 {[%emt 0:01:02]} 34. b4 {[%emt 0:00:10]} cxb4 {
[%emt 0:07:58]} 35. c5+ {[%emt 0:01:46]} Kxc5 {[%emt 0:00:02]} 36. Qxa7+ {
[%emt 0:00:07]} Kd6 {[%emt 0:00:44]} 37. Bxb4+ {[%emt 0:02:46]} Ke5 {
[%emt 0:00:02]} 38. Bc3+ {[%emt 0:04:35]} Kf4 {[%emt 0:01:40]} 39. Bd2+ {
[%emt 0:02:10]} Kg4 {[%emt 0:00:56]} 40. Qe3 {[%emt 0:01:24]} e5 {
[%emt 0:02:37]} 41. g7 {[%emt 0:08:15]} Rg8 {[%emt 0:11:45]} 42. a4 {
[%emt 0:04:32]} Qf6 {[%emt 0:01:40]} 43. a5 {[%emt 0:18:06]} Rxg7 {
[%emt 0:05:15]} 44. a6 {[%emt 0:01:09]} c5 {[%emt 0:00:56]} 45. Qg3+ {
[%emt 0:03:49]} Kf5 {[%emt 0:00:59]} 46. Qh3+ {[%emt 0:00:17]} Kg6 {
[%emt 0:00:07]} 47. Qg4+ {[%emt 0:00:10]} Kh7 {[%emt 0:00:46]} 48. Qh5+ {
[%emt 0:00:10]} Kg8 {[%emt 0:00:07]} 49. Qe8+ {[%emt 0:00:07]} Kh7 {
[%emt 0:00:35]} 50. Qh5+ {[%emt 0:00:10]} Kg8 {[%emt 0:00:05]} 51. Qe8+ {
[%emt 0:00:04]} Kh7 {[%emt 0:00:38]} 52. Qh5+ {[%emt 0:00:05]} 1/2-1/2

[Event "Tournoi MI ECAM LaSalle Lyon 2024"]
[Site "France, Lyon"]
[Date "2024.04.24"]
[Round "4.2"]
[White "Song, Julien"]
[Black "Breuil, Tristan"]
[Result "1-0"]
[WhiteElo "2311"]
[BlackElo "2281"]
[PlyCount "79"]
[EventDate "2024.04.??"]
[EventType "tourn"]

1. d4 {[%emt 0:00:03]} Nf6 {[%emt 0:01:47]} 2. c4 {[%emt 0:00:10]} e6 {
[%emt 0:00:07]} 3. Nf3 {[%emt 0:00:12]} b6 {[%emt 0:00:13]} 4. g3 {
[%emt 0:00:13]} Ba6 {[%emt 0:00:14]} 5. b3 {[%emt 0:00:20]} Bb4+ {
[%emt 0:00:25]} 6. Bd2 {[%emt 0:00:19]} Be7 {[%emt 0:00:08]} 7. Bg2 {
[%emt 0:00:12]} c6 {[%emt 0:00:25]} 8. O-O {[%emt 0:00:22]} d5 {[%emt 0:01:47]}
9. Qc2 {[%emt 0:00:20]} O-O {[%emt 0:05:48]} 10. Rc1 {[%emt 0:00:48]} Nbd7 {
[%emt 0:02:35]} 11. a4 {[%emt 0:01:03]} c5 {[%emt 0:14:15]} 12. a5 {
[%emt 0:45:58]} Bb7 {[%emt 0:32:27]} 13. e3 {[%emt 0:04:33]} Rc8 {
[%emt 0:04:22]} 14. axb6 {[%emt 0:17:35]} axb6 {[%emt 0:00:41]} 15. Na3 {
[%emt 0:03:09]} Bc6 {[%emt 0:09:58]} 16. Qb2 {[%emt 0:11:40]} Ne4 {
[%emt 0:03:08]} 17. Be1 {[%emt 0:00:11]} Bf6 {[%emt 0:01:48]} 18. Ne5 {
[%emt 0:02:04]} Bxe5 {[%emt 0:09:29]} 19. dxe5 {[%emt 0:00:17]} f6 {
[%emt 0:00:51]} 20. Bxe4 {[%emt 0:09:16]} dxe4 {[%emt 0:00:02]} 21. Bc3 {
[%emt 0:00:28]} fxe5 {[%emt 0:02:16]} 22. Bxe5 {[%emt 0:00:57]} Rf5 23. Bc3 {
[%emt 0:00:36]} Qe7 {[%emt 0:01:16]} 24. Nb5 {[%emt 0:00:14]} Rcf8 {
[%emt 0:02:21]} 25. Rc2 {[%emt 0:00:09]} e5 {[%emt 0:02:50]} 26. Ra7 {
[%emt 0:01:08]} Qg5 {[%emt 0:02:00]} 27. Nc7 {[%emt 0:01:03]} Qh5 {
[%emt 0:00:40]} 28. Rd2 {[%emt 0:00:28]} Nf6 29. Ne6 {[%emt 0:00:16]} Ng4 {
[%emt 0:00:49]} 30. Rxg7+ {[%emt 0:00:12]} Kh8 {[%emt 0:00:01]} 31. Rxg4 {
[%emt 0:00:17]} Qxg4 {[%emt 0:00:02]} 32. Nxf8 Rxf8 33. Bxe5+ Kg8 34. Bf4 b5
35. Qe5 Ra8 36. cxb5 Bb7 37. h3 Qxh3 38. Qg5+ Kf7 39. Be5 Rg8 40. Qf6+ 1-0

[Event "Tournoi MI ECAM LaSalle Lyon 2024"]
[Site "France, Lyon"]
[Date "2024.04.25"]
[Round "5.1"]
[White "Roux, Baptiste"]
[Black "Waldhausen Gordon, Frederick"]
[Result "0-1"]
[WhiteElo "2361"]
[BlackElo "2362"]
[PlyCount "90"]
[EventDate "2024.04.??"]
[EventType "tourn"]

1. e4 {[%emt 0:00:10]} e5 {[%emt 0:00:05]} 2. Nf3 {[%emt 0:00:07]} Nc6 {
[%emt 0:00:04]} 3. Bb5 {[%emt 0:00:53]} a6 {[%emt 0:00:08]} 4. Ba4 {
[%emt 0:00:12]} Nf6 {[%emt 0:00:04]} 5. O-O {[%emt 0:00:12]} Be7 {
[%emt 0:00:10]} 6. Re1 {[%emt 0:00:26]} b5 {[%emt 0:00:07]} 7. Bb3 {
[%emt 0:00:03]} O-O {[%emt 0:00:05]} 8. d4 {[%emt 0:00:04]} Nxd4 {
[%emt 0:00:07]} 9. Bxf7+ {[%emt 0:01:40]} Rxf7 {[%emt 0:00:25]} 10. Nxe5 {
[%emt 0:00:04]} Rf8 {[%emt 0:00:07]} 11. Qxd4 {[%emt 0:00:06]} Bb7 {
[%emt 0:00:08]} 12. Nc3 {[%emt 0:04:26]} c5 {[%emt 0:01:00]} 13. Qd1 {
[%emt 0:04:33]} Qc7 {[%emt 0:01:15]} 14. Ng4 {[%emt 0:07:49]} Nxg4 {
[%emt 0:05:03]} 15. Qxg4 {[%emt 0:00:18]} Bd6 {[%emt 0:00:50]} 16. g3 {
[%emt 0:15:30]} Rae8 17. Rd1 {[%emt 0:13:36]} Re6 {[%emt 0:11:07]} 18. Nd5 {
[%emt 0:05:55]} Qd8 {[%emt 0:00:31]} 19. Kg2 {[%emt 0:15:03]} Qe8 {
[%emt 0:04:56]} 20. f3 {[%emt 0:00:20]} Rg6 {[%emt 0:05:25]} 21. Qh4 {
[%emt 0:01:06]} Qf7 {[%emt 0:02:44]} 22. Rf1 {[%emt 0:15:41]} Bxd5 {
[%emt 0:00:44]} 23. exd5 {[%emt 0:00:02]} Qxd5 {[%emt 0:00:08]} 24. Be3 {
[%emt 0:01:24]} Re6 {[%emt 0:04:00]} 25. Rad1 {[%emt 0:00:28]} Qxa2 {
[%emt 0:01:07]} 26. Bc1 {[%emt 0:00:34]} Re2+ {[%emt 0:00:55]} 27. Rf2 {
[%emt 0:00:19]} Qe6 {[%emt 0:00:54]} 28. Rdf1 {[%emt 0:06:26]} Be7 {
[%emt 0:08:00]} 29. Qh5 {[%emt 0:02:28]} g6 {[%emt 0:00:22]} 30. Qh3 {
[%emt 0:00:26]} Rxf2+ {[%emt 0:02:46]} 31. Rxf2 {[%emt 0:00:02]} Qxh3+ {
[%emt 0:00:10]} 32. Kxh3 {[%emt 0:00:05]} d5 {[%emt 0:00:23]} 33. Re2 {
[%emt 0:02:12]} Kf7 {[%emt 0:00:21]} 34. Kg2 {[%emt 0:06:05]} a5 {
[%emt 0:03:19]} 35. Kf2 {[%emt 0:01:15]} a4 {[%emt 0:02:10]} 36. Ke1 {
[%emt 0:03:17]} b4 {[%emt 0:01:41]} 37. c3 {[%emt 0:00:44]} Bf6 {[%emt 0:01:58]
} 38. cxb4 {[%emt 0:00:44]} cxb4 {[%emt 0:00:04]} 39. Rc2 {[%emt 0:00:11]} Ra8
{[%emt 0:06:33]} 40. Rc7+ {[%emt 0:00:22]} Kg8 {[%emt 0:01:05]} 41. Rc6 {
[%emt 0:00:53]} Bg7 {[%emt 0:00:33]} 42. Rc2 {[%emt 0:00:11]} b3 {
[%emt 0:05:04]} 43. Re2 {[%emt 0:00:07]} Rb8 {[%emt 0:00:10]} 44. Bf4 {
[%emt 0:01:31]} a3 {[%emt 0:00:47]} 45. Bxb8 {[%emt 0:01:07]} a2 {
[%emt 0:00:08]} 0-1

[Event "Tournoi MI ECAM LaSalle Lyon 2024"]
[Site "France, Lyon"]
[Date "2024.04.25"]
[Round "5.2"]
[White "Breuil, Tristan"]
[Black "Dgebuadze, Alexandre"]
[Result "0-1"]
[WhiteElo "2281"]
[BlackElo "2449"]
[PlyCount "58"]
[EventDate "2024.04.??"]
[EventType "tourn"]

1. e4 {[%emt 0:00:40]} e6 {[%emt 0:00:36]} 2. d4 {[%emt 0:00:09]} d5 {
[%emt 0:00:05]} 3. Nd2 {[%emt 0:00:04]} Nc6 {[%emt 0:00:06]} 4. Ngf3 {
[%emt 0:00:07]} Nf6 {[%emt 0:00:06]} 5. e5 {[%emt 0:00:35]} Nd7 {[%emt 0:00:07]
} 6. c3 {[%emt 0:00:14]} f6 {[%emt 0:00:18]} 7. Bb5 {[%emt 0:21:23]} a6 {
[%emt 0:17:04]} 8. Bxc6 {[%emt 0:06:31]} bxc6 {[%emt 0:00:06]} 9. exf6 {
[%emt 0:11:37]} Qxf6 {[%emt 0:12:03]} 10. O-O {[%emt 0:03:25]} Bd6 {
[%emt 0:01:49]} 11. Re1 {[%emt 0:02:51]} O-O {[%emt 0:00:09]} 12. Qe2 {
[%emt 0:00:43]} c5 {[%emt 0:13:51]} 13. Qxe6+ {[%emt 0:02:35]} Qxe6 {
[%emt 0:00:11]} 14. Rxe6 {[%emt 0:00:03]} a5 {[%emt 0:03:06]} 15. Re1 {
[%emt 0:03:46]} a4 {[%emt 0:04:52]} 16. c4 {[%emt 0:13:39]} cxd4 {
[%emt 0:02:19]} 17. Nxd4 {[%emt 0:05:48]} Nc5 {[%emt 0:04:16]} 18. cxd5 {
[%emt 0:04:13]} Nd3 {[%emt 0:00:15]} 19. Rf1 {[%emt 0:00:28]} Bf4 {
[%emt 0:02:57]} 20. Ne2 {[%emt 0:05:20]} Be5 {[%emt 0:12:26]} 21. Nf3 {
[%emt 0:05:46]} Rxf3 {[%emt 0:11:43]} 22. gxf3 {[%emt 0:00:10]} a3 {
[%emt 0:00:06]} 23. Be3 {[%emt 0:06:09]} axb2 {[%emt 0:00:07]} 24. Rad1 {
[%emt 0:00:30]} Bh3 {[%emt 0:03:49]} 25. Ng3 {[%emt 0:00:24]} Bxf1 {
[%emt 0:00:19]} 26. Nxf1 {[%emt 0:00:05]} Rxa2 {[%emt 0:02:17]} 27. Rb1 Ra1 28.
Nd2 Bc3 29. Bd4 Bxd4 0-1

[Event "Tournoi MI ECAM LaSalle Lyon 2024"]
[Site "France, Lyon"]
[Date "2024.04.25"]
[Round "5.4"]
[White "Peng, Li Min"]
[Black "Dudognon, Thibault"]
[Result "1/2-1/2"]
[WhiteElo "2544"]
[BlackElo "2415"]
[PlyCount "29"]
[EventDate "2024.04.??"]
[EventType "tourn"]

1. d4 {[%emt 0:00:02]} d5 {[%emt 0:00:37]} 2. c4 {[%emt 0:00:08]} c6 {
[%emt 0:00:04]} 3. Nf3 {[%emt 0:00:10]} Nf6 {[%emt 0:00:14]} 4. e3 {
[%emt 0:00:09]} e6 {[%emt 0:00:19]} 5. Nbd2 {[%emt 0:00:09]} Nbd7 {
[%emt 0:00:05]} 6. Bd3 {[%emt 0:00:12]} Bd6 {[%emt 0:00:16]} 7. O-O {
[%emt 0:00:10]} O-O {[%emt 0:00:05]} 8. e4 {[%emt 0:00:06]} e5 {[%emt 0:00:06]}
9. cxd5 {[%emt 0:01:52]} cxd5 {[%emt 0:01:06]} 10. exd5 {[%emt 0:01:01]} exd4 {
[%emt 0:00:13]} 11. Ne4 {[%emt 0:00:05]} Nxe4 {[%emt 0:02:03]} 12. Bxe4 {
[%emt 0:00:06]} Nf6 {[%emt 0:04:04]} 13. Qxd4 {[%emt 0:00:08]} Nxe4 {
[%emt 0:00:55]} 14. Qxe4 {[%emt 0:00:06]} Qf6 {[%emt 0:00:07]} 15. Qd4 {
[%emt 0:00:21]} 1/2-1/2

[Event "Tournoi MI ECAM LaSalle Lyon 2024"]
[Site "France, Lyon"]
[Date "2024.04.25"]
[Round "5.5"]
[White "Prie, Eric"]
[Black "Flear, Glenn C"]
[Result "1/2-1/2"]
[WhiteElo "2335"]
[BlackElo "2400"]
[PlyCount "36"]
[EventDate "2024.04.??"]
[EventType "tourn"]

1. d4 {[%emt 0:00:03]} d5 {[%emt 0:00:18]} 2. Nf3 {[%emt 0:00:09]} Nf6 {
[%emt 0:00:15]} 3. Bf4 {[%emt 0:00:10]} c5 {[%emt 0:00:24]} 4. e3 {
[%emt 0:00:09]} Nc6 {[%emt 0:00:15]} 5. Nbd2 {[%emt 0:00:06]} cxd4 {
[%emt 0:00:47]} 6. exd4 {[%emt 0:00:12]} Qb6 {[%emt 0:00:12]} 7. Nb3 {
[%emt 0:00:27]} Bf5 {[%emt 0:00:26]} 8. c3 {[%emt 0:02:06]} e6 {[%emt 0:00:34]}
9. h3 {[%emt 0:08:24]} Be7 {[%emt 0:03:03]} 10. Be2 {[%emt 0:00:55]} O-O {
[%emt 0:01:15]} 11. O-O {[%emt 0:01:40]} Rac8 {[%emt 0:05:32]} 12. a4 {
[%emt 0:20:20]} a6 {[%emt 0:07:10]} 13. Re1 {[%emt 0:16:45]} Nb4 {
[%emt 0:12:10]} 14. a5 {[%emt 0:01:07]} Qd8 {[%emt 0:00:25]} 15. Rc1 {
[%emt 0:00:13]} Nc6 {[%emt 0:02:03]} 16. Ra1 {[%emt 0:03:45]} Nb4 {
[%emt 0:01:42]} 17. Rc1 {[%emt 0:00:22]} Nc6 {[%emt 0:00:56]} 18. Ra1 {
[%emt 0:00:07]} Nb4 {[%emt 0:00:57]} 1/2-1/2

[Event "Tournoi MI ECAM LaSalle Lyon 2024"]
[Site "France, Lyon"]
[Date "2024.04.25"]
[Round "5.3"]
[White "Mathieu, Phileas"]
[Black "Song, Julien"]
[Result "0-1"]
[WhiteElo "2325"]
[BlackElo "2311"]
[PlyCount "84"]
[EventDate "2024.04.??"]
[EventType "tourn"]

1. a3 {[%emt 0:00:36]} Nf6 {[%emt 0:03:45]} 2. Nf3 {[%emt 0:00:04]} d5 {
[%emt 0:00:37]} 3. e3 {[%emt 0:00:16]} e6 {[%emt 0:02:29]} 4. c4 {
[%emt 0:00:38]} Be7 {[%emt 0:05:50]} 5. b4 {[%emt 0:02:49]} a5 {[%emt 0:31:25]}
6. b5 {[%emt 0:00:30]} c5 {[%emt 0:01:07]} 7. Bb2 {[%emt 0:00:15]} Nbd7 {
[%emt 0:01:58]} 8. Qc2 {[%emt 0:04:05]} b6 {[%emt 0:02:46]} 9. g4 {
[%emt 0:07:46]} h6 {[%emt 0:01:27]} 10. Rg1 {[%emt 0:00:44]} Qc7 {
[%emt 0:07:23]} 11. cxd5 {[%emt 0:06:33]} exd5 {[%emt 0:01:12]} 12. d4 {
[%emt 0:00:01]} Bb7 {[%emt 0:07:20]} 13. Nbd2 {[%emt 0:01:30]} Bd6 {
[%emt 0:06:07]} 14. g5 {[%emt 0:04:35]} hxg5 {[%emt 0:06:28]} 15. Rxg5 {
[%emt 0:00:01]} cxd4 {[%emt 0:02:42]} 16. Qxc7 {[%emt 0:00:40]} Bxc7 {
[%emt 0:00:02]} 17. Nxd4 {[%emt 0:00:19]} g6 {[%emt 0:02:23]} 18. Rc1 {
[%emt 0:06:11]} Rc8 {[%emt 0:01:15]} 19. Rc6 {[%emt 0:00:01]} Rxh2 20. N2f3 {
[%emt 0:10:31]} Rh5 {[%emt 0:04:21]} 21. Rxh5 {[%emt 0:00:17]} Nxh5 {
[%emt 0:00:20]} 22. Bh3 {[%emt 0:00:01]} Nhf6 {[%emt 0:00:51]} 23. Rc2 {
[%emt 0:04:27]} Bd6 {[%emt 0:01:33]} 24. Nc6 {[%emt 0:00:14]} Rc7 {
[%emt 0:00:30]} 25. Ke2 {[%emt 0:02:03]} Ne4 {[%emt 0:00:43]} 26. Nfd4 {
[%emt 0:00:53]} Ndc5 {[%emt 0:02:36]} 27. Nf3 {[%emt 0:04:31]} Na4 {
[%emt 0:01:11]} 28. Be5 {[%emt 0:00:49]} Bxe5 {[%emt 0:00:34]} 29. Nfxe5 {
[%emt 0:00:02]} Nac3+ {[%emt 0:00:24]} 30. Ke1 {[%emt 0:08:11]} Nxb5 {
[%emt 0:00:10]} 31. Rb2 Bxc6 {[%emt 0:01:32]} 32. Nxc6 {[%emt 0:00:02]} Rxc6 {
[%emt 0:00:32]} 33. Rxb5 Rc1+ {[%emt 0:00:29]} 34. Ke2 Nc3+ {[%emt 0:00:19]}
35. Kd2 Nxb5 {[%emt 0:00:08]} 36. Kxc1 Nxa3 {[%emt 0:00:16]} 37. Bg2 {
[%emt 0:00:10]} Ke7 {[%emt 0:01:26]} 38. Bxd5 {[%emt 0:00:01]} Nb5 {
[%emt 0:00:28]} 39. Kb2 {[%emt 0:00:07]} f6 {[%emt 0:00:27]} 40. Bc6 {
[%emt 0:00:21]} Nc7 {[%emt 0:00:28]} 41. Kc3 {[%emt 0:00:06]} Kd6 {
[%emt 0:03:23]} 42. Be4 {[%emt 0:00:02]} g5 {[%emt 0:00:22]} 0-1

[Event "Tournoi MI ECAM LaSalle Lyon 2024"]
[Site "France, Lyon"]
[Date "2024.04.25"]
[Round "6.1"]
[White "Waldhausen Gordon, Frederick"]
[Black "Peng, Li Min"]
[Result "0-1"]
[WhiteElo "2362"]
[BlackElo "2544"]
[PlyCount "78"]
[EventDate "2024.04.??"]
[EventType "tourn"]

1. d4 {[%emt 0:00:03]} Nf6 {[%emt 0:02:47]} 2. c4 {[%emt 0:00:08]} e6 {
[%emt 0:00:12]} 3. Nf3 {[%emt 0:00:03]} d5 {[%emt 0:00:16]} 4. Nc3 {
[%emt 0:00:08]} dxc4 {[%emt 0:01:55]} 5. e4 {[%emt 0:00:15]} Bb4 {
[%emt 0:03:19]} 6. Bxc4 {[%emt 0:00:35]} Nxe4 {[%emt 0:00:08]} 7. O-O {
[%emt 0:00:06]} Bxc3 {[%emt 0:00:05]} 8. bxc3 {[%emt 0:00:14]} Nxc3 {
[%emt 0:00:07]} 9. Qd3 {[%emt 0:02:22]} b5 {[%emt 0:02:33]} 10. Qxc3 {
[%emt 0:02:06]} bxc4 {[%emt 0:00:05]} 11. Ba3 {[%emt 0:00:09]} Qd5 12. Ne5 {
[%emt 0:01:21]} Bb7 {[%emt 0:00:19]} 13. Qg3 {[%emt 0:01:26]} Nc6 {
[%emt 0:00:28]} 14. Nxc6 {[%emt 0:13:14]} Bxc6 {[%emt 0:00:56]} 15. Bc5 {
[%emt 0:00:45]} h5 {[%emt 0:05:35]} 16. f3 {[%emt 0:02:45]} O-O-O {
[%emt 0:02:11]} 17. Qxg7 {[%emt 0:01:46]} Qf5 {[%emt 0:05:54]} 18. Qg3 {
[%emt 0:08:42]} h4 {[%emt 0:05:18]} 19. Qf2 {[%emt 0:01:54]} h3 {[%emt 0:06:42]
} 20. g3 {[%emt 0:01:33]} a6 {[%emt 0:02:41]} 21. Rae1 {[%emt 0:03:09]} Bd5 {
[%emt 0:02:38]} 22. Re3 {[%emt 0:05:35]} Kd7 {[%emt 0:01:00]} 23. Bb4 {
[%emt 0:01:46]} Rb8 {[%emt 0:00:50]} 24. a3 {[%emt 0:00:28]} Rb5 {
[%emt 0:00:15]} 25. Re5 {[%emt 0:04:07]} Qg6 {[%emt 0:00:01]} 26. Qd2 {
[%emt 0:00:21]} Rhb8 {[%emt 0:01:04]} 27. f4 {[%emt 0:06:11]} f5 {
[%emt 0:02:52]} 28. Re3 {[%emt 0:04:15]} a5 {[%emt 0:01:11]} 29. Bc3 {
[%emt 0:00:11]} Rb3 {[%emt 0:03:14]} 30. a4 {[%emt 0:03:05]} Qg4 {
[%emt 0:00:01]} 31. Qf2 {[%emt 0:09:24]} Rb1 {[%emt 0:00:55]} 32. Rxb1 {
[%emt 0:00:37]} Rxb1+ {[%emt 0:00:06]} 33. Re1 {[%emt 0:00:04]} Rxe1+ {
[%emt 0:01:17]} 34. Bxe1 {[%emt 0:00:28]} Qd1 {[%emt 0:00:04]} 35. Qe3 {
[%emt 0:02:52]} c3 {[%emt 0:00:07]} 36. Qxc3 {[%emt 0:00:39]} Qe2 {
[%emt 0:00:05]} 37. Bf2 {[%emt 0:00:33]} Bc4 {[%emt 0:00:03]} 38. Qe1 {
[%emt 0:01:14]} Qf3 {[%emt 0:00:05]} 39. Qf1 {[%emt 0:00:20]} Bxf1 {
[%emt 0:00:05]} 0-1

[Event "Tournoi MI ECAM LaSalle Lyon 2024"]
[Site "France, Lyon"]
[Date "2024.04.25"]
[Round "6.2"]
[White "Song, Julien"]
[Black "Roux, Baptiste"]
[Result "0-1"]
[WhiteElo "2311"]
[BlackElo "2361"]
[PlyCount "74"]
[EventDate "2024.04.??"]
[EventType "tourn"]

1. d4 {[%emt 0:00:18]} d5 {[%emt 0:00:12]} 2. c4 {[%emt 0:00:14]} dxc4 {
[%emt 0:00:34]} 3. e4 {[%emt 0:00:15]} e5 {[%emt 0:00:07]} 4. Nf3 {
[%emt 0:00:24]} exd4 {[%emt 0:00:06]} 5. Bxc4 {[%emt 0:00:23]} Nc6 {
[%emt 0:00:06]} 6. O-O {[%emt 0:00:30]} Be6 {[%emt 0:00:15]} 7. Nbd2 {
[%emt 0:00:23]} Qf6 {[%emt 0:00:27]} 8. Qa4 {[%emt 0:00:37]} O-O-O {
[%emt 0:00:59]} 9. b4 {[%emt 0:00:22]} Kb8 {[%emt 0:07:20]} 10. b5 {
[%emt 0:03:13]} Ne5 {[%emt 0:16:08]} 11. Bxe6 {[%emt 1:06:57]} fxe6 {
[%emt 0:03:15]} 12. Nxd4 {[%emt 0:00:18]} Bc5 {[%emt 0:01:13]} 13. Bb2 {
[%emt 0:00:20]} Ne7 {[%emt 0:00:30]} 14. N2b3 {[%emt 0:06:23]} Bb6 {
[%emt 0:00:48]} 15. Kh1 {[%emt 0:01:30]} Qh4 {[%emt 0:07:12]} 16. f3 {
[%emt 0:13:04]} Nd3 {[%emt 0:04:20]} 17. Ba3 {[%emt 0:00:08]} e5 {
[%emt 0:06:15]} 18. g3 {[%emt 0:00:25]} Qf6 {[%emt 0:01:13]} 19. Ne2 {
[%emt 0:00:43]} Rhf8 {[%emt 0:04:46]} 20. Kg2 {[%emt 0:00:51]} Rd7 {
[%emt 0:06:52]} 21. Qc4 {[%emt 0:01:18]} g5 {[%emt 0:02:43]} 22. Bxe7 {
[%emt 0:02:09]} Qxe7 {[%emt 0:00:02]} 23. a4 {[%emt 0:00:01]} Qf6 {
[%emt 0:01:26]} 24. a5 {[%emt 0:00:31]} Bf2 {[%emt 0:00:35]} 25. Ng1 {
[%emt 0:00:08]} Be3 {[%emt 0:01:32]} 26. Ne2 {[%emt 0:01:24]} Nf2 {
[%emt 0:03:13]} 27. Ng1 {[%emt 0:00:17]} Nd3 {[%emt 0:04:47]} 28. Ne2 h5 {
[%emt 0:00:10]} 29. a6 {[%emt 0:01:08]} b6 {[%emt 0:00:05]} 30. Nc3 {
[%emt 0:00:35]} Bf2 {[%emt 0:00:26]} 31. f4 {[%emt 0:00:32]} gxf4 {
[%emt 0:08:25]} 32. Nd5 {[%emt 0:00:02]} Qg6 {[%emt 0:00:33]} 33. Qxd3 {
[%emt 0:00:16]} fxg3 {[%emt 0:00:01]} 34. hxg3 {[%emt 0:00:50]} Rxd5 {
[%emt 0:00:07]} 35. Qc3 {[%emt 0:00:55]} Qxe4+ {[%emt 0:00:50]} 36. Kh2 {
[%emt 0:00:10]} h4 {[%emt 0:00:40]} 37. Rae1 {[%emt 0:00:49]} hxg3+ {
[%emt 0:00:14]} 0-1

[Event "Tournoi MI ECAM LaSalle Lyon 2024"]
[Site "France, Lyon"]
[Date "2024.04.25"]
[Round "6.3"]
[White "Breuil, Tristan"]
[Black "Mathieu, Phileas"]
[Result "1/2-1/2"]
[WhiteElo "2281"]
[BlackElo "2325"]
[PlyCount "36"]
[EventDate "2024.04.??"]
[EventType "tourn"]

1. e4 {[%emt 0:00:59]} e5 {[%emt 0:04:04]} 2. Nf3 {[%emt 0:00:09]} Nc6 {
[%emt 0:00:02]} 3. Bb5 {[%emt 0:00:07]} a6 {[%emt 0:00:03]} 4. Ba4 {
[%emt 0:00:05]} Nf6 {[%emt 0:00:24]} 5. O-O {[%emt 0:00:12]} b5 6. Bb3 {
[%emt 0:00:05]} Bc5 {[%emt 0:00:01]} 7. c3 {[%emt 0:00:14]} d6 {[%emt 0:00:06]}
8. a4 {[%emt 0:00:11]} Rb8 {[%emt 0:00:06]} 9. d4 {[%emt 0:00:27]} Bb6 {
[%emt 0:00:01]} 10. a5 {[%emt 0:00:08]} Ba7 11. h3 {[%emt 0:00:16]} O-O {
[%emt 0:00:13]} 12. Be3 {[%emt 0:00:13]} exd4 {[%emt 0:01:17]} 13. cxd4 {
[%emt 0:00:41]} Nxe4 {[%emt 0:00:02]} 14. Bd5 {[%emt 0:12:02]} Qe8 {
[%emt 0:00:02]} 15. Re1 {[%emt 0:00:02]} Nf6 {[%emt 0:00:06]} 16. Bg5 {
[%emt 0:06:42]} Nxd5 {[%emt 0:00:02]} 17. Rxe8 {[%emt 0:00:17]} Rxe8 {
[%emt 0:00:01]} 18. Nc3 {[%emt 0:00:45]} Ncb4 {[%emt 0:00:11]} 1/2-1/2